[Event "Paris GCT 2018-Rapid"]
[Site "Paris"]
[Date "2018.06.21"]
[Round "4"]
[White "Mamedyarov, Shakhriyar"]
[Black "Aronian, Levon"]
[Result "0-1"]
[WhiteElo "2766"]
[BlackElo "2795"]
[Annotator "TA"]
[PlyCount "102"]
[EventDate "2018.06.21"]
[EventType "tourn"]
[EventCountry "FRA"]
[SourceTitle "playchess.com"]
[Source "ChessBase"]
[SourceQuality "1"]

{[%evp 17,102,29,12,9,14,10,45,39,40,40,66,0,37,-37,6,17,29,30,99,27,30,29,48,14,26,37,32,29,34,10,98,62,110,65,94,0,59,19,29,19,14,0,0,0,0,-728,-718,-694,-682,-906,-906,-981,-981,-644,-469,-1285,-1293,-1288,-1270,-1214,-1198,-1191,-837,-3403,-3537,-2299,-1095,-3537,-3027,-5273,-1171,-6095,-5704,-5214,-1072,-1058,-1050,-5076,-5161,-29966,-29966,-12847,-11996,-29973,-29970,-29986,-29987]} 1. d4 Nf6 2. c4 e6 3. Nc3 Bb4 4. Qc2 O-O 5. a3 Bxc3+ 6. Qxc3 d5 7. Bg5 h6 {E36: Nimzo-Indian: Classical: 4...d5 5 a3} 8. Bxf6 Qxf6 9. Nf3 c6 {LiveBook: 9 Games. White has an edge.} 10. h4 $146 (10. g3 Nd7 11. Bh3 b6 12. cxd5 cxd5 13. Qc6 Rb8 14. O-O Rd8 15. Rfc1 {½-½ (24) Mamedyarov,S (2809)-Aronian,L (2794) Berlin 2018}) ({Predecessor:} 10. e3 Nd7 11. Be2 dxc4 12. Qxc4 e5 13. O-O exd4 14. Qxd4 Qxd4 15. Nxd4 {½-½ (65) Yu,Y (2751)-Ding,L (2777) Riadh 2017}) 10... dxc4 11. g4 Qe7 12. g5 h5 $1 13. Qxc4 Nd7 14. e3 (14. Bh3 $14) 14... c5 15. Be2 ({White should try} 15. dxc5 $14 Nxc5 16. b4) 15... b6 (15... b5 $5 {[%cal Rb5c4]} 16. Qxb5 Rb8 $11) 16. dxc5 Nxc5 17. b4 Nd7 (17... Ba6 $11 18. Qc2 Bxe2 19. Kxe2 Nb7) 18. Rd1 (18. O-O $16) 18... a5 19. O-O $36 {[%mdl 2048] White fights for an advantage.} axb4 20. Qxb4 Nc5 21. Qxb6 Ba6 $1 {[%cal Ra6e2]} 22. Bxa6 Rxa6 23. Qb5 Rfa8 (23... Rxa3 $11 {keeps the balance.} 24. Rd2 Ne4) 24. Rc1 $16 Ra5 25. Qc6 e5 26. g6 (26. Rfd1 $16) 26... Ne6 (26... f6 $1 $11) 27. Nxe5 fxg6 28. Rfd1 Kh7 29. Nf3 Qf6 30. Rd6 R8a6 31. Qd7 $2 {[%mdl 8192] [#]} (31. Qxa6 $11 Rxa6 32. Ng5+ $1 {[%mdl 512]} (32. Rxa6 $2 {loses.} Qxf3 33. Rcc6 Qg4+ 34. Kf1 Qd1+ 35. Kg2 Qd5+ 36. Kg1 Nc5 $19) 32... Qxg5+ 33. hxg5 Rxd6 34. f4) 31... Rxd6 $1 $19 (31... Qxf3 32. Qxe6 Rxd6 33. Qxd6 $17) 32. Qxd6 Qxf3 33. Qxe6 {[%mdl 4096] Endgame KQR-KQR} Rf5 34. Qa2 Qg4+ 35. Kf1 Qh3+ 36. Ke1 (36. Kg1 $142 Qxh4 37. Qd2) 36... Qh1+ 37. Kd2 Rxf2+ 38. Kd3 Qxh4 ({Not} 38... Rxa2 39. Rxh1 g5 40. hxg5 $15) (38... Qxc1 $2 39. Qxf2 Qxa3+ 40. Kc4 $19) 39. Qd5 Qa4 40. Rc3 Qd1+ 41. Kc4 Rd2 {( -> ...Qa4+)} 42. Qc6 h4 {[%cal Bh5h4,Bh4h3][%mdl 32]} 43. e4 Qf1+ (43... Rd6 $142 44. Qe8 Rd7) 44. Kb3 h3 45. Qc4 Qxc4+ 46. Kxc4 {KR-KR} h2 47. Rh3+ Kg8 48. Kc3 Ra2 49. Kb3 Rf2 50. a4 g5 {[%cal Bg6g5,Bg5g4][%mdl 32]} 51. a5 g4 {Precision: White = 27%, Black = 60%.} 0-1

[Event "Paris GCT 2018-Rapid"]
[Site "Paris"]
[Date "2018.06.21"]
[Round "5"]
[White "Aronian, Levon"]
[Black "Kramnik, Vladimir"]
[Result "1/2-1/2"]
[WhiteElo "2795"]
[BlackElo "2775"]
[Annotator "TA"]
[PlyCount "84"]
[EventDate "2018.06.21"]
[EventType "tourn"]
[EventCountry "FRA"]
[SourceTitle "playchess.com"]
[Source "ChessBase"]
[SourceQuality "1"]

{[%evp 20,84,11,8,38,20,31,25,28,27,39,15,15,15,26,13,49,15,15,15,15,15,15,15,15,0,0,0,0,0,0,0,0,0,0,0,0,0,0,0,8,0,8,8,8,0,0,0,0,0,0,0,0,0,0,0,9,9,9,9,9,9,9,9,9,9,9]} 1. e4 e5 2. Nf3 Nc6 3. Bc4 Bc5 4. d3 Nf6 5. O-O d6 {[%cal Bd7d6,Bd6d5][%mdl 32]} 6. c3 a6 7. Nbd2 O-O 8. Bb3 Ba7 9. h3 Be6 10. Bc2 {C54: Italienische Partie (Hauptvariante)} (10. Re1 Bxb3 11. axb3 Ne7 12. Nf1 Ng6 13. Ng3 Re8 14. b4 d5 15. Bg5 h6 16. Bxf6 Qxf6 17. exd5 Nf4 {1-0 (42) Mamedov,R (2709)-Van Foreest,J (2629) Riadh 2017}) 10... d5 11. Ng5 {LiveBook: 6 Partien} Qe8 $146 ({Vorgänger:} 11... Bc8 12. Re1 h6 13. Ngf3 Re8 14. exd5 Qxd5 15. Qe2 Bf5 {0-1 (42) Nevednichy,V (2574)-Dumitrache,D (2431) Eforie Nord 2015}) 12. Ndf3 {Weiß steht etwas besser.} Rd8 13. Nxe6 fxe6 14. Qe2 Nh5 15. Kh2 Nf4 16. Bxf4 Rxf4 17. Rae1 Qf7 18. Ba4 {Schwarz muss nun Lxc6 beachten.} (18. d4 $5) 18... b5 $1 {[%cal Rb5a4] Die Stellung ist ausgeglichen.} 19. Bb3 h6 20. a4 Kh8 21. axb5 axb5 22. Bc2 Rf8 23. d4 exd4 {[%cal Rf4f3]} 24. exd5 ({Aber nicht} 24. Qxb5 $2 Rxf3 25. Qxc6 Rxf2 $19) 24... exd5 25. Qd3 {[%csl Gc2][%cal Rd3h7] [#]} g6 $1 26. Re2 ({Bitte nicht} 26. Qxb5 Rxf3 27. gxf3 Qf4+ 28. Kh1 Qxf3+ 29. Kh2 Qf4+ 30. Kh1 Qf3+ 31. Kh2 {[#]} Ne5 $1 $17 {[%mdl 512]}) 26... dxc3 27. bxc3 Bc5 {[%cal Rf4f3]} 28. Rfe1 Bd6 29. Kg1 Rxf3 30. gxf3 Qf4 $132 {[%mdl 2048] ( -> ...Dh2+). Schwarz puts up resistance} 31. Kf1 Qxf3 {[%cal Rf3h1]} 32. Qxg6 {[%csl Gc2][%cal Rg6h7]} Qh1+ 33. Qg1 Qxh3+ 34. Qg2 Qxc3 {Droht stark ...Se5.} 35. Re6 {[%cal Re6h6]} Qd2 36. Rd1 Qf4 37. Rd3 {zielt auf Txh6+! ab.} Bc5 {Und weiter mit ...Sb4 wäre nett.} 38. Rxc6 Qxf2+ 39. Qxf2 Rxf2+ 40. Ke1 Rxc2 41. Kd1 Rc4 42. Rxc7 Rd4 {Precision: Weiß = 74%, Schwarz = 74%.} 1/2-1/2

[Event "Paris GCT 2018-Rapid"]
[Site "Paris"]
[Date "2018.06.21"]
[Round "5"]
[White "Vachier-Lagrave, Maxime"]
[Black "Nakamura, Hikaru"]
[Result "1/2-1/2"]
[WhiteElo "2777"]
[BlackElo "2813"]
[Annotator "TA"]
[PlyCount "79"]
[EventDate "2018.06.21"]
[EventType "tourn"]
[EventCountry "FRA"]
[SourceTitle "playchess.com"]
[Source "ChessBase"]
[SourceQuality "1"]

{[%evp 19,79,12,12,0,0,0,4,0,0,-2,-7,-6,0,0,0,-25,3,0,0,0,0,0,-7,-21,-31,-14,-10,-12,0,-29,10,0,21,16,42,0,4,0,0,0,0,0,0,0,0,0,0,0,0,0,0,0,12,10,12,12,8,0,13,0,0,0]} 1. e4 e5 2. Nf3 Nc6 3. Bc4 Bc5 4. c3 Nf6 5. d3 d6 6. O-O O-O 7. Re1 h6 8. h3 a5 {C54: Giuoco Piano: 4 c3 Nf6, main lines with 5 d4 and 5 d3} 9. Nbd2 Be6 10. Bb5 Qb8 {LiveBook: 16 Games} 11. Re2 (11. Nf1 Qa7 12. Re2 a4 13. Ng3 Qa5 14. Bxc6 bxc6 15. Nh4 Rfe8 16. Re1 {½-½ (28) Mamedyarov,S (2808)-Karjakin,S (2782) Stavanger 2018}) 11... Qa7 12. Ba4 $146 ({Predecessor:} 12. Nb3 Bb6 13. Ba4 Ne7 14. d4 Ng6 15. Be3 Nxe4 16. dxe5 {0-1 (40) Kozionov,K (2423)-Moskalenko,A (2533) Moscow 2018}) 12... Rab8 13. Nf1 b5 14. Bb3 a4 15. Bxe6 fxe6 16. Be3 Bxe3 17. Rxe3 d5 18. Ng3 b4 {Black wants to play ...a3.} 19. Re2 bxc3 20. bxc3 a3 21. Rb1 Rxb1 22. Qxb1 Rb8 23. Qc1 Qa6 24. Rd2 Rb5 25. Kh2 Qa5 26. exd5 exd5 27. d4 (27. Re2 {looks sharper.} Qa4 28. d4 e4 29. Ne5 Rb6 30. Nf5) 27... Ne4 {The position is equal.} 28. Nxe4 dxe4 29. Nxe5 Nxe5 30. dxe5 Rxe5 $11 {[%mdl 4096] Endgame KQR-KQR} 31. Rd4 Re8 32. Qe3 Qe5+ 33. g3 Qe6 34. c4 Qb6 35. Kg2 Qb2 36. Rd2 Qb4 37. Rc2 Qb1 38. Rd2 Qb4 39. Rd4 Qb2 40. Rd2 {Precision: White = 50%, Black = 75%.} 1/2-1/2

[Event "Paris GCT 2018-Rapid"]
[Site "Paris"]
[Date "2018.06.21"]
[Round "5"]
[White "So, Wesley"]
[Black "Grischuk, Alexander"]
[Result "1-0"]
[WhiteElo "2763"]
[BlackElo "2783"]
[Annotator "TA"]
[PlyCount "107"]
[EventDate "2018.06.21"]
[EventType "tourn"]
[EventCountry "FRA"]
[SourceTitle "playchess.com"]
[Source "ChessBase"]
[SourceQuality "1"]

{[%evp 11,107,16,31,10,12,0,31,14,16,0,22,36,29,0,0,-18,0,0,4,6,146,157,155,150,173,172,167,178,171,171,171,171,169,167,169,168,208,218,244,234,294,200,194,199,187,189,177,183,174,195,185,178,179,171,234,238,225,235,359,374,392,388,402,402,402,402,402,402,402,402,401,399,379,376,377,278,770,706,706,684,691,684,5165,5165,29958,29958,29953,29957,29957,29959,29957,29955,29956,12833,29965,29965,12446,12446]} 1. d4 Nf6 2. c4 g6 3. Nc3 d5 4. Bg5 Bg7 5. Nf3 Ne4 6. Bf4 O-O {LiveBook: 4 Games. D91: Grünfeld: 4 Nf3 Bg7 5 Bg5} 7. Nxd5 c5 8. Qc2 $146 ({Predecessor:} 8. Nc3 Qa5 9. e3 Nc6 10. Rc1 Rd8 11. d5 Nxc3 12. bxc3 Bxc3+ 13. Nd2 e6 14. e4 {½-½ (37) Gelfand,B (2759)-Grischuk,A (2795) Sochi 2014}) 8... f5 {The position is equal.} 9. Bc7 Qd7 10. Be5 cxd4 (10... e6 $5 {[%cal Re6d5]} 11. Bxg7 Qxg7 $14) 11. Bxg7 $1 Kxg7 12. Qd1 Nc6 13. Nxd4 e6 14. Nxc6 exd5 15. Qd4+ $1 Rf6 (15... Nf6 $11 {remains equal.} 16. Ne5 Qa4) 16. Nb4 $1 $16 {[%cal Rb4d5]} dxc4 17. Nd5 Qd8 {...Be6 is the strong threat.} 18. O-O-O {Strongly threatening f3.} Be6 {Threatens to win with ...Bxd5.} 19. Nxf6 Qxd4 20. Rxd4 Nxf2 {[#]} 21. Nh5+ $1 gxh5 22. Rg1 Kf6 23. g3 Ke5 24. Rf4 Ng4 25. Bg2 Ne3 26. Kd2 Nxg2 27. Rxg2 $18 {[%mdl 4096] Endgame KRR-KRB} b5 28. Rh4 Rd8+ 29. Kc1 Bf7 30. Rf2 Rd7 31. e3 a5 32. Rd4 Re7 (32... Bd5 $142 33. Rh4 Bf7) 33. Rdf4 Be6 34. Rh4 Bf7 {[#]} (34... Kf6 $142 35. Rxh5 Kg6) 35. e4 $1 {[%mdl 512]} fxe4 {[#]} 36. Rxe4+ $1 {[%mdl 512]} Kxe4 {KRB-KR} 37. Re2+ Kf3 38. Rxe7 {KR-KB} Bg6 39. Re5 Kg2 40. Rxb5 Kxh2 41. Rg5 a4 42. Kd2 Kh3 43. Kc3 h4 $2 (43... Bf7 44. Kd4 h6) 44. gxh4 Kxh4 45. Rg1 Kh3 46. Kxc4 Kh2 47. Rg5 Be8 48. Kb4 h5 49. Re5 Bf7 50. Rf5 Be8 {[#]} 51. Rf8 $1 {[%cal Rf8e8]} Bd7 52. Rh8 Bg4 53. Kxa4 Kg3 54. b4 {Precision: White = 72%, Black = 38%.} 1-0

[Event "Paris GCT 2018-Rapid"]
[Site "Paris"]
[Date "2018.06.21"]
[Round "5"]
[White "Caruana, Fabiano"]
[Black "Anand, Viswanathan"]
[Result "1/2-1/2"]
[WhiteElo "2753"]
[BlackElo "2822"]
[Annotator "TA"]
[PlyCount "80"]
[EventDate "2018.06.21"]
[EventType "tourn"]
[EventCountry "FRA"]
[SourceTitle "playchess.com"]
[Source "ChessBase"]
[SourceQuality "1"]

{[%evp 22,80,5,14,8,-16,8,8,8,6,28,12,26,18,20,9,8,6,5,5,5,5,14,0,2,4,22,0,0,0,18,16,11,0,0,0,4,8,15,6,6,6,6,0,10,6,6,0,0,0,0,0,0,0,0,0,0,0,0,0,0]} 1. e4 e5 2. Nf3 Nc6 3. Bb5 Nf6 4. O-O Nxe4 5. Re1 Nd6 6. Nxe5 Be7 7. Bf1 Nxe5 8. Rxe5 O-O 9. d4 Bf6 10. Re1 Re8 {C67: Ruy Lopez: Berlin Defence: 4 0-0 Nxe4} (10... Nf5 11. d5 Re8 12. Rxe8+ Qxe8 13. Qd3 d6 14. Nd2 Bg5 15. Nf3 Bxc1 16. Rxc1 Bd7 17. Re1 Qd8 18. Qc4 {1-0 (31) Carlsen,M (2843)-Aronian,L (2764) Stavanger 2018}) 11. Rxe8+ Nxe8 12. d5 {LiveBook: 8 Games} b6 13. Nc3 $146 ({Predecessor:} 13. Nd2 Qe7 14. g3 Bb7 15. Nc4 Nd6 16. Nxd6 Qxd6 17. Bg2 Re8 18. c3 {0-1 (66) Mammadzada,G (2355)-Abdumalik,Z (2380) Khanty-Mansiysk 2015}) 13... Bxc3 14. bxc3 d6 15. c4 Bd7 16. Bb2 Qg5 17. Qf3 Qf5 {The position is equal.} 18. Qc3 Nf6 19. Bd3 Qg5 20. Re1 Re8 21. Rxe8+ Nxe8 22. Qe1 Kf8 23. f3 ({Much weaker is} 23. Bxh7 g6 $17) 23... h6 24. g4 f5 25. h3 Qg6 26. Qh4 Qf7 27. Kg2 fxg4 28. hxg4 Qe7 29. Qf2 Nf6 30. Qd2 Ke8 31. Qf4 Kd8 32. Bd4 c5 33. Bc3 Be8 34. Kf2 Nd7 35. Bf5 Ne5 36. Be6 g5 37. Qe4 Qf6 38. Kg2 Bg6 39. Bxe5 Qxe5 40. Qxg6 {[#] White threatens Qg8+ and mate.} Qe2+ {Precision: White = 40%, Black = 75%.} 1/2-1/2

[Event "Paris GCT 2018-Rapid"]
[Site "Paris"]
[Date "2018.06.21"]
[Round "5"]
[White "Karjakin, Sergey"]
[Black "Mamedyarov, Shakhriyar"]
[Result "1-0"]
[WhiteElo "2743"]
[BlackElo "2766"]
[Annotator "TA"]
[PlyCount "85"]
[EventDate "2018.06.21"]
[EventType "tourn"]
[EventCountry "FRA"]
[SourceTitle "playchess.com"]
[Source "ChessBase"]
[SourceQuality "1"]

{[%evp 13,85,21,35,20,25,18,45,43,45,37,43,60,84,76,75,58,74,19,100,97,104,111,116,89,110,76,102,71,87,59,55,64,67,60,120,60,65,59,65,59,72,43,54,83,200,206,302,275,297,225,235,41,36,31,441,428,1152,810,791,770,29983,637,637,637,637,637,1112,1076,1659,1435,29991,29992,29996,29997]} 1. e4 e5 2. Nf3 Nc6 3. Bc4 Nf6 4. d3 h6 5. O-O d6 6. c3 g5 {C55: Two Knights: 4 d3, 4 d4 exd4 5 e5 and Max Lange Attack} 7. a4 Bg7 {LiveBook: 3 Games} 8. Re1 O-O {The position is equal.} 9. h3 d5 10. exd5 Nxd5 11. Nbd2 a6 $146 ({Predecessor:} 11... Nb6 12. Bb5 Qd5 13. c4 Qd6 {0-1 (37) Al Jabri,M (2154)-Vallejo Pons,F (2707) Riadh 2017}) 12. Ne4 Nf4 13. a5 b5 14. axb6 $1 cxb6 15. b4 ({White should play} 15. Bxf4 $16 gxf4 16. b4) 15... Ne7 (15... Ra7 $11) 16. d4 Qc7 17. Bxf4 gxf4 18. Qe2 exd4 19. cxd4 Nf5 20. Rac1 {aiming for Bd5.} Qd8 21. Qd2 Nxd4 22. Qxf4 {Threatens to win with Ne5.} Nxf3+ $1 23. Qxf3 {Hoping for Nf6+.} Bb7 (23... Ra7 $14) 24. Qf5 (24. Rcd1 $16 Qe7 25. Qg4 Bxe4 26. Rxe4) 24... Bxe4 $14 25. Qxe4 a5 26. bxa5 bxa5 27. Re3 {[%cal Be1e3,Be3g3,Bg3g4,Bg4f4][%mdl 32] And now Rg3 would win.} Rc8 28. Qf5 Rc7 (28... Rc6 $16 {was called for.}) 29. Rg3 $18 {Qe5 is the strong threat.} Qd6 (29... Re8 $142 30. Kh2 Kf8) 30. Kh2 $1 ({Less strong is} 30. Qxa5 Kh8 $14) 30... Rd8 31. Rcc3 $40 {[%mdl 128] Black is in trouble.} (31. Qxa5 Kh8 $16) 31... Kf8 {[#]} 32. Qh7 $2 (32. Rcf3 $1 $18 Qe5 33. Qg6) 32... Qe5 $14 ({Weaker is} 32... Bxc3 33. Qg8+ Ke7 34. Qxf7#) 33. Rce3 Qa1 $2 {[%mdl 8192]} (33... Rxc4 $14 34. Rxe5 Bxe5) 34. Rg4 $18 Be5+ (34... Rb8 $142 35. Ra3 Rxc4) 35. g3 {Threatening mate with Rg8+.} Bg7 36. Rf4 Rd1 {[#]} 37. Qe4 (37. Re8+ $142 $3 {[%mdl 512]} Kxe8 38. Qg8+ Bf8 39. Bb5+ Ke7 40. Rxf7+ Kd6 41. Qg6+ Kd5 42. Rf5+ Qe5 43. Rxe5+ Kxe5 44. Qh5+ Ke6 45. Qxd1) 37... Bf6 38. h4 h5 39. Qa8+ Rd8 40. Qf3 Rd6 41. Qxh5 {White wants to mate with Qh6+.} Rd2 {[#]} 42. Bxf7 $1 {[%mdl 512]} Rxf7 43. Qh6+ {Precision: White = 61%, Black = 41%.} 1-0

[Event "Paris GCT 2018-Rapid"]
[Site "Paris"]
[Date "2018.06.21"]
[Round "6"]
[White "Anand, Viswanathan"]
[Black "Vachier-Lagrave, Maxime"]
[Result "1/2-1/2"]
[WhiteElo "2822"]
[BlackElo "2777"]
[Annotator "TA"]
[PlyCount "116"]
[EventDate "2018.06.21"]
[EventType "tourn"]
[EventCountry "FRA"]
[SourceTitle "playchess.com"]
[Source "ChessBase"]
[SourceQuality "1"]

{[%evp 14,116,2,15,8,11,26,8,13,8,8,8,8,8,25,0,0,0,0,-16,0,-3,-11,-16,-21,-10,-17,-30,0,0,0,0,0,-15,0,-9,-15,-17,-13,-24,0,0,0,-59,-16,-13,-11,-21,-20,-28,-19,-22,-9,-14,-10,-75,-75,-71,-71,-72,-78,-91,-59,-99,-83,-43,-48,-40,-15,-35,-35,-52,-52,-52,-52,-59,-68,-90,-104,-102,-11,-11,-11,-18,0,0,0,0,0,0,0,0,0,0,0,0,0,0,0,0,0,0,0,0,0]} 1. e4 c5 2. Nf3 d6 3. d4 cxd4 4. Nxd4 Nf6 5. Nc3 a6 6. h3 e5 7. Nf3 {B90: Sicilian Najdorf: Unusual White 6th moves, 6 Be3 Ng4 and 6 Be3 e5} (7. Nde2 b5 8. Ng3 Qc7 9. Bd3 g6 10. O-O Bg7 11. Bd2 O-O 12. a4 b4 13. Na2 a5 14. c3 bxc3 15. Nxc3 Be6 {½-½ (40) Svidler,P (2760)-Khismatullin,D (2632) Sochi 2018}) 7... Nbd7 8. a4 {LiveBook: 3 Games} Be7 9. Bc4 O-O 10. Be3 Qc7 $146 ({Predecessor:} 10... Nb6 11. Bb3 Qc7 12. Qe2 a5 13. O-O Bd7 14. Rad1 Bc6 15. Nd2 Rad8 16. Nb5 Bxb5 17. Qxb5 {1-0 (54) Veszpremi,A (2269)-Dankovics,A (1998) Miskolc 2010}) 11. Nd2 Nc5 12. Nd5 Nxd5 13. Bxd5 Be6 14. Bxe6 Nxe6 15. O-O Qc6 16. a5 d5 17. exd5 Qxd5 18. b3 Rad8 19. Nc4 Qe4 20. Qc1 Bf6 21. Re1 Qc6 22. Ra4 {[%cal Ba1a4,Ba4b4,Bb4b6][%mdl 32]} Rfe8 23. Rb4 Rd5 24. Rd1 Red8 25. Rxd5 Qxd5 26. Rb6 Be7 27. Qd2 $1 {[%cal Rd2d5]} Qe4 $40 {[%mdl 128] Black has some attack.} 28. Qe2 (28. Qc3 $11) 28... Rd7 {aiming for ...Nf4.} 29. Qf3 $1 {[%cal Rf3e4]} Qxf3 30. gxf3 Bd8 31. Rd6 Rxd6 32. Nxd6 Bxa5 {White should prevent ...b5.} 33. Nxb7 $11 {[%mdl 4096] Endgame KBN-KBN} Bb4 34. Bb6 (34. Kf1 $1 $11) 34... Kf8 $17 35. Nd8 Nf4 36. Nc6 Bc3 37. Kh2 Ke8 38. Bc5 Ne6 39. Be3 f5 40. Kg2 g5 41. Kf1 h5 {[%cal Bh7h5,Bh5h4][%mdl 32]} 42. Ke2 h4 $1 43. Kd3 {[#]} g4 $1 {[%mdl 512]} 44. fxg4 ({Don't go for} 44. hxg4 $2 h3 $19) 44... fxg4 45. Ke2 $1 gxh3 {Threatens to win with ...h2.} 46. Kf1 {[#]} a5 ({Better is} 46... Nc7 $1 $17 {...Kd7 is the strong threat.} 47. Nb8 Kd8) 47. Bb6 $1 $11 {The position is equal.} Kd7 48. Nxa5 Bxa5 49. Bxa5 {KB-KN} Nd4 50. Kg1 Nxc2 51. Kh2 e4 52. Kxh3 e3 53. fxe3 Nxe3 54. Be1 Nf5 55. Bxh4 Nxh4 56. Kxh4 Kc6 57. b4 Kb5 58. Kh5 Kxb4 {Precision: White = 60%, Black = 70%.} 1/2-1/2

[Event "Paris GCT 2018-Rapid"]
[Site "Paris"]
[Date "2018.06.21"]
[Round "6"]
[White "Nakamura, Hikaru"]
[Black "Grischuk, Alexander"]
[Result "1/2-1/2"]
[WhiteElo "2813"]
[BlackElo "2783"]
[Annotator "TA"]
[PlyCount "104"]
[EventDate "2018.06.21"]
[EventType "tourn"]
[EventCountry "FRA"]
[SourceTitle "playchess.com"]
[Source "ChessBase"]
[SourceQuality "1"]

{[%evp 28,104,-12,-15,-14,-18,-8,-17,-41,-45,-46,-66,-54,-73,-64,-80,8,-165,-167,-181,-198,-168,-131,-135,-90,-104,-102,-95,-89,-105,-30,-123,31,37,30,18,15,13,16,19,14,0,0,-7,0,0,0,-8,0,-70,0,0,0,0,0,0,0,0,0,0,0,0,0,0,0,0,0,0,0,0,0,0,0,0,0,0,0,0,0]} 1. e4 c5 2. Nf3 d6 3. Bb5+ Bd7 4. Bxd7+ Qxd7 5. O-O Nf6 6. Re1 Nc6 7. c3 e6 8. d4 cxd4 9. cxd4 d5 10. e5 Ne4 11. Nbd2 Nxd2 12. Bxd2 Be7 13. Rc1 O-O 14. Rc3 Rfc8 {B52: Sicilian: Moscow Variation with 3...Bd7} (14... Rac8 15. a3 Nb8 16. Rd3 Qb5 17. Rb3 Qc6 18. Ng5 Bxg5 19. Bxg5 Nd7 20. Qg4 f5 21. Qh4 Rfe8 22. Bf6 {1-0 (46) Jones,G (2654)-Gelfand,B (2777) London 2013}) 15. h4 {LiveBook: 7 Games} Bd8 16. Rd3 $146 ({Predecessor:} 16. h5 b5 17. h6 g6 18. Rd3 Bb6 19. Qe2 a5 20. Qe3 Nb4 21. Bxb4 axb4 22. a3 bxa3 23. Rxa3 Rxa3 24. Qxa3 {1-0 (44) Kuderinov,K (2465)-Khamdamov,S (2292) Dushanbe 2013}) 16... Qc7 17. Ng5 h6 18. Nh3 {next Qg4 is good for White.} Ne7 $1 (18... Bxh4 $2 19. Qg4 $18) 19. Bc3 b5 20. Nf4 Nf5 21. Qg4 Bxh4 (21... Qc6 $17 22. g3 a5) 22. Nh5 $2 (22. Nxd5 $11 Qc4 23. Nf4) 22... g6 $1 $19 23. Nf6+ Bxf6 24. exf6 Qd8 25. Qf4 Qxf6 {And now ...g5 would win.} 26. g4 Qh4 {Strongly threatening ...h5.} 27. Bd2 {[#]} Ng7 $1 28. Kg2 {[#] Threatening Rh1.} f5 (28... g5 $1 $17 {[%cal Rg5f4]} 29. Qf3 h5) 29. Rg3 (29. Qxh6 $11 {remains equal.} Qxh6 30. Bxh6) 29... Rc2 $2 ({Black should try} 29... g5 $17 30. Qe5 f4) 30. Rh1 $1 $14 {[%cal Rh1h4]} Qg5 $1 31. Rxh6 Qxf4 32. Bxf4 fxg4 $1 ({Don't blunder} 32... Rxb2 $2 33. Be5 $18) 33. Rxg4 Nf5 34. Rh3 Rf8 35. Be5 Kf7 36. Rh7+ Kg8 37. Rh3 Kf7 38. Rg5 (38. Rh7+ $11 Kg8 39. Rh8+ Kf7 40. Rh7+) 38... Ke7 (38... Ne7 $15 39. Ra3 Nc6) 39. Rxg6 $11 {The position is equal.} Rf7 40. Rg8 {aiming for Ra8.} Rf8 (40... Rxb2 41. Rc3) 41. Rh7+ Rf7 42. Rhh8 Ne3+ $1 ({Wrong is} 42... Rxb2 $2 43. Ra8 $18) 43. Kh3 Rcxf2 44. Re8+ Kd7 45. Rd8+ Kc6 46. Rd6+ Kb7 {Threatens to win with ...R2f3+.} 47. Rxe6 {[%csl Ge5][%cal Rh8b8]} Rf8 48. Re7+ Ka8 $1 49. Rhh7 {[%csl Gh7][%cal Re7a7]} R2f3+ 50. Kh2 {[%csl Gh7][%cal Re7a7]} Rf2+ 51. Kh3 $1 {[%csl Gh7][%cal Re7a7]} R2f3+ 52. Kh2 {[%csl Gh7][%cal Re7a7]} Rf2+ {Precision: White = 47%, Black = 62%.} 1/2-1/2

[Event "Paris GCT 2018-Rapid"]
[Site "Paris"]
[Date "2018.06.21"]
[Round "6"]
[White "Aronian, Levon"]
[Black "So, Wesley"]
[Result "1/2-1/2"]
[WhiteElo "2795"]
[BlackElo "2763"]
[Annotator "TA"]
[PlyCount "76"]
[EventDate "2018.06.21"]
[EventType "tourn"]
[EventCountry "FRA"]
[SourceTitle "playchess.com"]
[Source "ChessBase"]
[SourceQuality "1"]

{[%evp 21,76,33,25,26,36,21,28,21,38,49,33,40,41,33,52,39,42,36,52,37,31,18,32,30,46,25,26,24,58,69,66,41,45,37,50,46,52,40,44,29,36,37,37,17,17,16,26,17,31,28,29,31,31,24,30,0,0]} 1. e4 e6 2. d4 d5 3. Nc3 dxe4 4. Nxe4 Nd7 5. g3 Be7 6. Bg2 Ngf6 7. Nxf6+ Bxf6 8. Nf3 O-O {C10: Französische Verteidigung (Rubinstein-Variante)} 9. O-O e5 10. Be3 exd4 11. Bxd4 c5 {LiveBook: 9 Partien} 12. Be3 $146 ({Vorgänger:} 12. Bxf6 Nxf6 13. Qxd8 Rxd8 14. Ne5 Rb8 15. Rad1 Be6 16. b3 {½-½ (31) Dominguez Perez,L (2726)-Kasimdzhanov,R (2705) Tbilisi 2015}) 12... Bxb2 13. Rb1 Bf6 14. Nd2 Bd4 15. Bxd4 cxd4 16. Nb3 Nb6 17. Nxd4 Rb8 18. c4 Qc7 19. Rc1 Nd7 20. Qa4 {Droht c5 und aus.} a6 21. Qa3 Qc5 22. Qc3 Nf6 23. Rb1 b5 24. Qb2 {[%cal Rc4b5]} Bf5 25. Nxf5 Qxf5 26. Rfc1 Rfc8 27. cxb5 Rxb5 28. Rxc8+ Qxc8 29. Rc1 Qe6 30. Qd2 {[#] Und Dd8+ würde nun gewinnen.} g5 31. Bf1 Re5 32. Qb2 a5 $1 33. Rc6 $36 {[%mdl 2048] Weiss hat Druck.} Qf5 34. Qd4 {[#] Ld3 ist eine echte Drohung.} Kg7 35. Bd3 Rd5 36. Bxf5 Rxd4 37. Bc2 Rd2 38. Kf1 Ng4 {Precision: Weiß = 81%, Schwarz = 72%.} 1/2-1/2